| 000 | 00000nam##2200000za#4500 |
| 001 | 9.642613 |
| 003 | CaOODSP |
| 005 | 20220328113321 |
| 007 | cr ||||||||||| |
| 008 | 150407|2000||||xxc|||||o f|0| 0 fre|d |
| 040 | |aCaOODSP|bfre |
| 043 | |an-cn--- |
| 086 | 1 |aC2-509/2000F-PDF |
| 110 | 1 |aCanada. |bIndustrie Canada. |
| 245 | 13|aLa participation au système des normes : |h[ressource électronique]|bun guide à l'intention des représentants des consommateurs |
| 260 | |aOttawa - Ontario : |bIndustrie Canada |c[2000]. |
| 300 | |a26p.|bfigures en couleur, glossaire |
| 500 | |aLe n° de catalogue (C2-509/2000) et l'ISBN (0-662-65111-1) de l'édition imprimée bilingue ont été incorrectement copiés dans l'édition électronique. |
| 590 | |a13-27-Supp|b2013-11-15 |
| 691 | 07|aNorme de qualité|2gcpds |
| 691 | 07|aNorme de sécurité|2gcpds |
| 691 | 07|aProtection du consommateur|2gcpds |
| 775 | 08|tParticipating in the standards system : |w(CaOODSP)9.698606 |
| 856 | 40|ahttp://publications.gc.ca|qPDF|s1789 Ko|uhttps://publications.gc.ca/collections/collection_2013/ic/C2-509-2000-fra.pdf |